| 000 | 01023nam a22001937a 4500 | ||
|---|---|---|---|
| 999 |
_c60163 _d60163 |
||
| 003 | Ge_BSU | ||
| 005 | 20230614143645.0 | ||
| 008 | 230614s2011 ge ||||| |||| 00| 0 geo d | ||
| 041 | _ageo | ||
| 080 | _a27-36(479.22)+929.731(479.22) ნ-59 | ||
| 100 |
_aნიაური, მარიამ _918700 |
||
| 245 |
_aმოციქულთასწორნი წმიდა მეფე მირიანი და წმიდა დედოფალი ნანა / _cმარიამ (მარინე) ნიაური. |
||
| 264 |
_aმცხეთა-სამთავრო, _c2011. |
||
| 300 |
_a35 გვ.: _bილ.; _c22 სმ. |
||
| 504 | _aბიბლიოგრ. ტექსტის შენიშვნებში. ბიბლიოგრ.: გვ. 34. | ||
| 653 | _aმირიანი (მეფე) ნანა (დედოფალი) ქართველი წმინდანები | ||
| 653 | _aქართველი მეფეები | ||
| 942 |
_2udc _cBK |
||